Child development : (Record no. 19855)

000 -LEADER
fixed length control field 01154cam a2200277 a 4500
001 - CONTROL NUMBER
control field 13014918
005 - DATE AND TIME OF LATEST TRANSACTION
control field 20170117160747.0
008 - FIXED-LENGTH DATA ELEMENTS--GENERAL INFORMATION
fixed length control field 021126s2004 maua b 001 0 eng
010 ## - LIBRARY OF CONGRESS CONTROL NUMBER
LC control number 2002116641
020 ## - INTERNATIONAL STANDARD BOOK NUMBER
International Standard Book Number 061833338X
050 00 - LIBRARY OF CONGRESS CALL NUMBER
Classification number HQ767.9 .B84 2004
100 1# - MAIN ENTRY--PERSONAL NAME
Personal name Bukatko, Danuta,
Dates associated with a name 1949-
245 10 - TITLE STATEMENT
Title Child development :
Remainder of title a thematic approach /
Statement of responsibility, etc. Danuta Bukatko, Marvin W. Daehler.
250 ## - EDITION STATEMENT
Edition statement 5th ed.
260 ## - PUBLICATION, DISTRIBUTION, ETC. (IMPRINT)
Place of publication, distribution, etc. Boston :
Name of publisher, distributor, etc. Houghton Mifflin,
Date of publication, distribution, etc. c2004.
300 ## - PHYSICAL DESCRIPTION
Extent xx, 605, G1-8, R1-60, C1-4, NI1-16, SI1-16 p. :
Other physical details ill. (some col.) ;
Dimensions 29 cm.
504 ## - BIBLIOGRAPHY, ETC. NOTE
Bibliography, etc Includes bibliographical references (p. R1-60) and indexes.
650 #0 - SUBJECT ADDED ENTRY--TOPICAL TERM
Topical term or geographic name as entry element Child development.
700 1# - ADDED ENTRY--PERSONAL NAME
Personal name Daehler, Marvin W.,
Dates associated with a name 1942-
856 42 - ELECTRONIC LOCATION AND ACCESS
Materials specified Contributor biographical information
Uniform Resource Identifier <a href="http://www.loc.gov/catdir/enhancements/fy1513/2002116641-b.html">http://www.loc.gov/catdir/enhancements/fy1513/2002116641-b.html</a>
942 ## - ADDED ENTRY ELEMENTS (KOHA)
Source of classification or shelving scheme
Koha item type Hard Covered Materials
Classification part HQ767.9 .B84 2004
Holdings
Withdrawn status Lost status Source of classification or shelving scheme Damaged status Not for loan Home library Current library Shelving location Date acquired Source of acquisition Total Checkouts Full call number Barcode Date last seen Price effective from Koha item type
          MACHAKOS UNIVERSITY LIBRARY MACHAKOS UNIVERSITY LIBRARY Open shelf 17/01/2017 Donation(BFA)   HQ767.9 .B84 2004 30344 17/01/2017 17/01/2017 Hard Covered Materials
© Machakos University Library, Along The Highway, Machakos Wote Rd, Machakos, Kenya P.O. Box 136 - 90100 Machakos - Kenya

Tel: ( +254 ) 723 805829 OR Fax : 044-20353 OR Email: library@mksu.ac.ke